El ALCA y sus peligros para América Latina /
Uloženo v:
| Hlavní autor: | |
|---|---|
| Další autoři: | , , , , , , , , , |
| Médium: | Neznámo |
| Vydáno: |
Buenos Aires:
CLACSO
|
| Témata: | |
| Tagy: |
Přidat tag
Žádné tagy, Buďte první, kdo vytvoří štítek k tomuto záznamu!
|
MARC
| LEADER | 00000 a2200000 04500 | ||
|---|---|---|---|
| 001 | 34795 | ||
| 003 | |||
| 008 | 991231s d | ||
| 040 | |||
| 020 | |a 987-1183-16-X | ||
| 022 | |a 987-1183-16-X | ||
| 090 | |a 0001 E79a | ||
| 100 | |a Estay, Jaime | ||
| 245 | |a El ALCA y sus peligros para América Latina / |c Jaime Estay | ||
| 260 | |a Buenos Aires: |b CLACSO | ||
| 300 | |a 394 p. | ||
| 650 | |a ALCA | ||
| 650 | |a GLOBALIZACION | ||
| 650 | |a ECONOMIA INTERNACIONAL | ||
| 650 | |a NEGOCIACIONES COMERCIALES | ||
| 650 | |a PROPIEDAD INTELECTUAL | ||
| 650 | |a INVERSIONES EXTRANJERAS | ||
| 650 | |a AGRICULTURA | ||
| 650 | |a EMPLEO | ||
| 650 | |a EXPORTACIONES | ||
| 650 | |a SUBSIDIOS | ||
| 700 | |a | ||
| 700 | |a Sánchez, Germán | ||
| 700 | |a | ||
| 700 | |a Ruiz - Caro, Ariela | ||
| 700 | |a Sastre, Angelo | ||
| 700 | |a Ghiotto, Luciana | ||
| 700 | |a Gentili, Rafael | ||
| 700 | |a Delgado, Eric | ||
| 700 | |a Sosa Iglesias, José Eugenio | ||
| 700 | |a Ortiz Guerrero, César Enrique | ||
| 700 | |a Estigarribia, Lucía Elizabeth | ||
| 700 | |a Gastón de Marsillo, Ernesto | ||
| 999 | |c 7827 |d 7827 | ||



